| 000 | 00422cam a2200169ua 4500 | ||
|---|---|---|---|
| 020 | _a0-408-01169-6 | ||
| 041 |
_aeng _h |
||
| 082 |
_a551.0162 _bBEL/FU |
||
| 100 | _aBell, F G . | ||
| 245 |
_aFundamentals of engineering geology / _cF G Bell. _hTextual Documents |
||
| 250 |
_a1 / _b. |
||
| 260 |
_aLondon : _bButterworth Scientific , _c1983. |
||
| 300 | _a648 ; . | ||
| 504 | _a | ||
| 942 | _cBK | ||
| 999 |
_c9623 _d9623 |
||